Sametová revoluce

Bibliographic Details
Main Author: Krejčí, Oskar, 1948- (Author)
Format: Book
Language:Czech
PhysicalDescription:159 strán portréty, faksimile 21 cm
Published: Praha Professional Publishing 2019
ISBN:9788088260370
Edition:Druhé vydání
Subjects:

MARC

LEADER 00000cam a2200000 4500
001 vtls011907862
003 SK-MaSNL
005 20260301052755.0
008 220509s2019 xr hc grn 000 0 cze
015 |a SNBA2021/04 
020 |a 9788088260370  |q (brožované) 
035 |a urn:nbn:sk:snk-am00ge1x 
035 |a urn:nbn:sk:snk-am3j6ve 
035 |a F58A4472-6FFA-4924-B177-F089C5571033 
040 |a SNK  |b slo  |c SNK  |e rda 
041 0 |a cze 
043 |a e-cs--- 
044 |a xr  |c CZ 
072 7 |a 94(437)  |x Dejiny Československa  |2 konspekt 
080 |a 94(437)"1989"  |2 2011 
080 |a 323  |2 2011 
080 |a (048.8)  |2 2011 
100 1 |a Krejčí, Oskar,  |d 1948-  |4 aut 
245 1 0 |a Sametová revoluce  |c Oskar Krejčí 
250 |a Druhé vydání 
264 1 |a Praha  |b Professional Publishing  |c 2019 
300 |a 159 strán  |b portréty, faksimile  |c 21 cm 
336 |a text  |b txt  |2 rdacontent 
337 |a bez média  |b n  |2 rdamedia 
338 |a zväzok  |b nc  |2 rdacarrier 
500 |a Obsahuje biografické a profesijné údaje o autorovi na obálke 
504 |a Obsahuje bibliografické odkazy 
648 7 |a 1989  |2 SNKPH  |9 276934 
650 0 7 |a Nežná revolúcia (1989 : Československo)  |2 SNKPH  |9 176560 
650 0 7 |a spoločnosť a politika  |2 SNKPH  |9 1526 
650 0 7 |a Velvet revolution, 1989  |2 SNKPHeng  |9 315872 
650 0 7 |a Society and policy  |2 SNKPHeng  |9 299290 
651 7 |a Československo  |x dejiny  |2 SNKPHgeo  |9 161432 
651 7 |a Czechoslovakia  |x History  |2 SNKPHeng  |9 125910 
655 7 |a štúdie  |2 SNKPH  |9 57033 
655 7 |a Studies  |2 SNKPHeng  |9 265573 
919 |a 978-80-88260-37-0 
958 |a ZS 
958 |a NB 
958 |a CZ 
999 |c 606617  |d 608547 
952 |a SNK  |b SNK  |y PREZ  |7 0  |p 17A1445293  |o snkSC 191514  |i snk2020/22987  |8 4  |g 10.51  |0 0  |1 0  |4 0  |d 2020-02-27  |f 1  |l 0  |r 2025-10-08 00:00:00  |w 2026-02-23